| 000 | 00839nac a22002657a 4500 | ||
|---|---|---|---|
| 001 | BR8705625 | ||
| 003 | BR-BrBNA | ||
| 005 | 20240105120552.0 | ||
| 008 | 230509b bl.|||m| |||| 00| 0 por d | ||
| 040 |
_aBR-BrBNA _bpor _cBiblioteca Nacional de Agricultura |
||
| 072 | _aP10 | ||
| 090 | _aP10 BR8705625 | ||
| 100 | 1 | _aCosta, R.G. | |
| 100 | 1 | _aDonald, E.R.C. | |
| 110 | 1 |
_aCentro Nacional de Pesquisa de Coco, Aracaju, SE (Brasil) _91760 |
|
| 245 | 1 | _aIrrigacao de salvacao, uma tecnologia de subsistencia | |
| 260 | 3 |
_aAracaju, SE (Brasil): _c1986. |
|
| 300 | _a5 p. | ||
| 490 |
_aComunicado Tecnico - Centro Nacional de Pesquisa de Coco (Brazil) _vno. 11 _xISSN 0100-4867 |
||
| 650 | _aIRRIGACAO | ||
| 650 | _aAGUA | ||
| 650 | _aREGIAO NORDESTE | ||
| 909 |
_a202312 _bLúcia Elande _c55 _dLúcia Elande |
||
| 942 |
_2AGRIS _n0 _cMS |
||
| 999 |
_c280206 _d280206 |
||